Berkat kesabaran

Bibliographic Details
Main Author: Muhammad bin Harun
Corporate Author: Title
Format: Book
Published: Selangor : Flo Enterprise , 2006
Series:Siri penglipur lara selasih
Subjects:

MARC

LEADER 00000cam a2200000 7i4500
001 0000000306
005 20151222.0
008 070629
020 |a 9679715213 
020 |a 9679715272(set) 
090 0 0 |a JF   |b CT MAL (521) 
100 0 |a Muhammad bin Harun 
245 1 0 |a Berkat kesabaran   |c Muhammad bin Harun 
260 |a Selangor :   |b Flo Enterprise ,   |c 2006 
440 |a Siri penglipur lara selasih 
500 |a Children ages 7-9 years old (orange) 
650 0 |a Classic tales 
650 0 |a Junior fiction   |x Malay   |x Languages 
710 0 |a Title 
999 |a 0000919154   |b Book   |c Children Collection   |e Cawangan Bukit Gambir 
999 |a 0000919155   |b Book   |c Children Collection   |e Cawangan Bukit Gambir 
999 |a 0000919156   |b Book   |c Children Collection   |e Cawangan Bukit Gambir 
999 |a 0000929142   |b Book   |c Children Collection   |e Cawangan Tangkak 
999 |a 0000929143   |b Book   |c Children Collection   |e Cawangan Tangkak 
999 |a 0000929144   |b Book   |c Children Collection   |e Cawangan Tangkak 
999 |a 0000955739   |b Book   |c Children Collection   |e Cawangan Bandar Tenggara 
999 |a 0000955741   |b Book   |c Children Collection   |e Perbadanan Perpustakaan Awam Johor 
999 |a 0000955742   |b Book   |c Children Collection   |e Cawangan Kota Tinggi 
999 |a 0000955743   |b Book   |c Children Collection   |e Cawangan Bandar Tenggara 
999 |a 0000959186   |b Book   |c Children Collection   |e Cawangan Taman Universiti 
999 |a 0000959187   |b Book   |c Children Collection   |e Cawangan Tangkak